ՀՀ Գիտությունների ազգային ակադեմիայի հիմնարար գիտական գրադարան  =   Fundamental Scientific Library of NAS RA

Դանիել Երաժիշտ. Որն է աշխարհ Հայաստան : (Record no. 251135)

MARC details
000 -LEADER
fixed length control field 00687nam a2200205 a 4500
001 - CONTROL NUMBER
control field 000677539
003 - CONTROL NUMBER IDENTIFIER
control field AM-YeHGA
005 - DATE AND TIME OF LATEST TRANSACTION
control field 20250618073613.0
008 - FIXED-LENGTH DATA ELEMENTS--GENERAL INFORMATION
fixed length control field 090810s2009 ai r 000 0 arm d
020 ## - INTERNATIONAL STANDARD BOOK NUMBER
International Standard Book Number 97899939600154
040 ## - CATALOGING SOURCE
Original cataloging agency AM-YeHGA
041 0# - LANGUAGE CODE
Language code of text/sound track or separate title arm
090 ## - LOCALLY ASSIGNED LC-TYPE CALL NUMBER (OCLC); LOCAL CALL NUMBER (RLIN)
-- 252732
100 1# - MAIN ENTRY--PERSONAL NAME
Personal name Սանթրյան, Վանիկ Ալեքսանի,
Dates associated with a name 1935-
245 10 - TITLE STATEMENT
Title Դանիել Երաժիշտ. Որն է աշխարհ Հայաստան :
Remainder of title Ակնարկներ /
Statement of responsibility, etc. Վ.Սանթրյան.
260 ## - PUBLICATION, DISTRIBUTION, ETC.
Place of publication, distribution, etc. Երևան :
Name of publisher, distributor, etc. ՎՄՎ-Պրինտ,
Date of publication, distribution, etc. 2009.
300 ## - PHYSICAL DESCRIPTION
Extent 80 էջ ;
Dimensions 17 սմ.
600 14 - SUBJECT ADDED ENTRY--PERSONAL NAME
Personal name Դանիել Երաժիշտ
Dates associated with a name 1946
9 (RLIN) 3607
650 14 - SUBJECT ADDED ENTRY--TOPICAL TERM
Topical term or geographic name entry element Երաժշտագիտություն
9 (RLIN) 4440
Holdings
Withdrawn status Lost status Damaged status Not for loan Collection Home library Current library Date acquired Cost, normal purchase price Shelving control number Total checkouts Full call number Barcode Date last seen Price effective from Koha item type Public note
        General Fundamental Scientific Library Fundamental Scientific Library 29/12/2016 500.00     AI/20968 FL0143353 29/12/2016 29/12/2016 Գրքեր / Books 30 Days Loan
        General Fundamental Scientific Library Fundamental Scientific Library 29/12/2016 500.00     AI20969 FL0143354 29/12/2016 29/12/2016 Գրքեր / Books 30 Days Loan


ՀՀ ԳԱԱ հիմնարար գիտական գրադարան
ՀՀ,Երևան 0019
Մարշալ Բաղրամյան 24/6
հեռախոս:(374-10) 52-47-50
Հետադարձ կապ

All site content, except where otherwise noted, is licensed under a
Creative Commons License